000 00291nam a22001217a 4500
999 _c14040
_d14040
020 _a9781292120836
082 _a808.06657
100 _aJan A. Pechenik
245 _aA Short Guide to Writing about Biology
250 _a9th, Global Edition
260 _aBoston
_bPearson
_c2016
942 _cBK